Daty-Historia Polski - Statystyki

Ogólne statystyki
  • Ten quiz został rozwiązany 1 492 razy
  • Średni wynik to 8 z 36
Statystyki odpowiedzi
Hint Odpowiedź % Poprawnych
966 Chrzest Polski
98%
1000 Zjazd Gnieźnieński
74%
1410 Bitwa pod Grunwaldem
66%
1793 II Rozbiór Polski
38%
1772 I Rozbiór Polski
38%
1863 Powstanie styczniowe
38%
1795 III Rozbiór Polski
37%
1830 Powstanie Listopadowe
37%
1944 Powstanie Warszawskie
35%
1525 Hołd Pruski
34%
1569 Unia Lubelska
31%
2010 Katastrofa Smoleńska
27%
1385 Unia w Krewie
26%
1655 Potop Szwedzki
24%
1138 Początek Rozbicia dzielnicowego
22%
1444 Bitwa pod Warną
21%
1320 Koronacja Władysława Łokietka
20%
1226 Sprowadzenie krzyżaków do Polski
20%
1939 Wybuch II Wojny Światowej
16%
1794 Insurekcja Kościuszkowska
14%
1791 Uchwalenie Konstytucji 3 maja
13%
1364 Założenie Akademii Krakowskiej
10%
1573 Pierwsza wolna elekcja
9%
1768 Konfederacja Barska
8%
1807 Utworzenie Księstwa Warszawskiego
8%
1717 Sejm Niemy
7%
1989 Upadek PRL
5%
1764 Koronacja Stanisława Augusta Poniatowskiego
4%
1815 Utworzenie Królestwa Polskiego
4%
1466 II pokój w Toruniu
3%
1411 I pokój w Toruniu
3%
1918 Odzyskanie przez Polskę niepodległości
3%
1648 Powstanie Kozackie
3%
1596 Przeniesienie stolicy do Warszawy
2%
1978 Wybranie Karola Wojtyły na papieża
1%
1765 Założenie szkoły rycerskiej
1%
Nie znaleziono quizów pasujących do podanych kryteriów
Rozkład punktacji
Procent ludzi z każdym wynikiem
Percentyl według liczby udzielonych odpowiedzi
Twoja historia wyników
Nie rozwiązałeś tego quizu